000
00236nam a22000977a 4500
003
SGT
245
_a
International Journal of Oral & maxillofacial Implant
260
_b
Quintessence Publisher
_c
2021
300
_a
597,1254
942
_2
ddc
_c
BV
999
_c
30337
_d
30337